000 00622nam a2200253Ia 4500
005 20260121161311.0
008 008 260114s9999 xx 000 0 eng d
020 _a9781003393290
037 _aEBOOK
040 _aCRL
040 _beng
040 _cCRL
041 _2eng
041 _aeng
084 _qCRL
100 _aTony Hines
_91042678
245 0 _aSupply Chain Strategies : Demand Driven and Customer Focused
260 _bTaylor and Francis
260 _c2024
856 _uhttp://www.taylorfrancis.com/books/9781003393290
942 _cEBOOK
999 _c1609494
_d1609494